000 00404nam a2200181Ia 4500
005 20250423101426.0
008 250422s9999 xx 000 0 und d
020 _a0-273-69516-9
050 _aHD 31 .T45/
100 _aTemplar, Richard
245 4 _aThe rules of management
260 _aHarlow
260 _bPearson
260 _c2005
300 _a183 p
650 _aLiterature
942 _cBK
999 _c36269
_d36269